| 000 | 00421nam a2200121Ia 4500 | ||
|---|---|---|---|
| 008 | 250110s9999 xx 000 0 und d | ||
| 041 | _aeng | ||
| 100 |
_aHundekar Tejal _9181636 |
||
| 245 | _aLandscape Land Planning And Landscape Resource Management Policies For Village Rihe, Mulshi , Pune, | ||
| 260 |
_bBNCA-M Arch Landscape Architecture _aPune _c2023 |
||
| 300 | _a70p | ||
| 700 |
_aGuide Name:Khatavkar Anupama _9210986 |
||
| 999 |
_c364647 _d364647 |
||